000 00391nam a2200169Ia 4500
001 23340
005 20260414150930.0
008 260414t2010||||xx |||||||||||||| ||spa||
041 _aESP
082 _a629.8312
_bO631
100 _aOgata, Katsuhiko
_eAUT
245 0 _aIngenierĂ­a de control moderna
_b
260 _c2010
650 _aCNM
654 _aCCN
942 _cLIB
_dJUS
_fJUS
_2ddc
_n
999 _c23340
_d23340